| 000 | 00998nam a22001817a 4500 | ||
|---|---|---|---|
| 003 | OSt | ||
| 005 | 20251121145316.0 | ||
| 008 | 251121b |||||||| |||| 00| 0 eng d | ||
| 040 | _cDCL | ||
| 082 | _a၂၉၄.၃၈၂၃၅၁ | ||
| 130 |
_aတိပိဋက။ _pသုတ္တန္တပိဋက။ _pခုဒ္ဒကနိကာယ။ _tခုဒ္ဒကပါဌ၊ _lအဋ္ဌကထာ၊ _sနိဿယ။ |
||
| 245 |
_aခုဒ္ဒကပါဌ အဋ္ဌကထာနိဿယ / _cအရှင်ဇာဂရမထေရ်။ |
||
| 264 |
_aမန္တလေး ၊ _bမန္တလေးတောင်ပိဋကတ် စာပုံနှိပ်တိုက်၊ _c၁၉၃၁။ |
||
| 300 |
_a၅၅၆ စာမျက်နှာ ၊ _c၂၅ စင်တီ။ |
||
| 650 |
_aခုဒ္ဒကပါဌ _vအဋ္ဌကထာနိဿယ။ |
||
| 700 | _aဇာဂရမထေရ်၊ အရှင် | ||
| 942 |
_2ddc _cSHORT TERM _n0 |
||
| 999 |
_c2581 _d2581 |
||